Anteporyecto para el abastecimiento de agua potable para la ciudad de Cañas-Guanacaste
Guardat en:
| Autor principal: | |
|---|---|
| Format: | Desconegut |
| Publicat: |
[San José, Costa Rica]
1981
|
| Matèries: | |
| Etiquetes: |
Afegir etiqueta
Sense etiquetes, Sigues el primer a etiquetar aquest registre!
|
MARC
| LEADER | 00000 a2200000 4500 | ||
|---|---|---|---|
| 003 | 007984 | ||
| 005 | 20221231143742.0 | ||
| 008 | 140114s1981 c a m 000 ||s d | ||
| 040 | |c cru CEDI | ||
| 090 | |a TFG 1020 | ||
| 100 | |a Sobrado Calderón, Arnoldo |9 15863 | ||
| 245 | |a Anteporyecto para el abastecimiento de agua potable para la ciudad de Cañas-Guanacaste | ||
| 260 | |c 1981 |a [San José, Costa Rica] | ||
| 300 | |a 2 volúmenes : ilustraciones (algunas plegables) ; 27 cm | ||
| 500 | |a Proyecto de graduación (ingeniero civil)--Universidad de Costa Rica. Facultad de Ingeniería. Escuela de Ingeniería Civil | ||
| 501 | |a El volumen II : Anexo I y II. Laminas y reglamento de zonificación | ||
| 650 | |x SUMINISTRO DE AGUA |x AGUA POTABLE |9 15864 | ||
| 942 | |c TFG | ||
| 999 | |c 11282 |d 11282 | ||
